| 000 | 00471nam a22001697a 4500 | ||
|---|---|---|---|
| 999 |
_c164342 _d164342 |
||
| 005 | 20190516131522.0 | ||
| 010 | _aB-225826 | ||
| 020 |
_a0195673107 _c495.00 |
||
| 035 | _aB-225826 | ||
| 037 | _bOxford University Press. | ||
| 082 | _a882 | ||
| 100 | _aKarnad, Girish. | ||
| 245 |
_aCollected Plays Volume One / _cGirish Karnad. |
||
| 260 |
_aNew Delhi _bOxford University Press. _c2005 |
||
| 300 |
_a318p _c22cm (hbk) |
||
| 942 |
_2ddc _cEN _h882 _mKAR |
||